Hacerse adulto en la fe: catequesis y signos de los tiempos
Salvato in:
| Ente Autore: | |
|---|---|
| Natura: | Libro |
| Lingua: | spagnolo |
| Pubblicazione: |
Salamanca
Sal Terrae
2010
|
| Edizione: | 1a. ed |
| Serie: | Recursos Catequéticos, 32
|
| Soggetti: | |
| Tags: |
Aggiungi Tag
Nessun Tag, puoi essere il primo ad aggiungerne!!
|
MARC
| LEADER | 00000cam a2200000 a 4500 | ||
|---|---|---|---|
| 001 | UCD4349 | ||
| 003 | CL-VaPUC | ||
| 008 | 160708e20100000sp |||||||||||||||||spa|d | ||
| 020 | |a 9788429318708 | ||
| 082 | 0 | 4 | |a 268.6 |b CON |2 21 |
| 110 | 2 | |a Conferencia Episcopal de Bélgica |e author |9 588031 | |
| 245 | 1 | 0 | |a Hacerse adulto en la fe: catequesis y signos de los tiempos |
| 250 | |a 1a. ed | ||
| 300 | |a 149 p | ||
| 942 | |c BK | ||
| 945 | |d 20160708 23:22:00 |a dcastane | ||
| 260 | |a Salamanca |b Sal Terrae |c 2010 | ||
| 650 | 0 | |a Catecismo |9 333878 | |
| 650 | 0 | |a Catequesis |9 314526 | |
| 583 | |a last modification |c 20160708 23:22:00 |k Rodrigo Vera | ||
| 490 | 0 | |a Recursos Catequéticos, 32 | |
| 999 | |c 365271 |d 365269 | ||
| 952 | |0 0 |1 0 |3 erb |4 0 |6 268_600000000000000_CON_2010 |7 0 |8 A |9 479063 |a BIBTEO |b BIBTEO |i 5296463 |o 268.6 CON 2010 |p 5296463 |r 2025-01-17 |w 2019-11-24 |y BK |z Catalogado en:20160708 |k ICR | ||